Toutes les communes des Pyrénées-Atlantiques sur une carte - Statistiques

Statistiques générales
  • Ce quiz a été pris 1 031 fois
  • Le résultat moyen est 79 sur 545
Réponses sur la Carte
Les réponses sont colorées sur une échelle allant du rouge au vert en fonction du pourcentage des utilisateurs qui les ont devinées à leur premier essai. Vous pouvez retrouver ces pourcentages ci-dessous.
 
Statistiques - réponses
Commune Population (2021) % Correct
Bayonne 52 749
92%
Biarritz 25 764
91%
Pau 77 066
91%
Saint-Jean-de-Luz 14 601
91%
Saint-Jean-Pied-de-Port 1 499
91%
Saint-Jean-le-Vieux 857
90%
Saint-Jean-Poudge 69
90%
Anglet 41 153
83%
Hendaye 17 796
83%
Oloron-Sainte-Marie 10 616
71%
Orthez 10 684
67%
Bidart 7 449
63%
Urrugne 10 543
58%
Lescar 9 524
55%
Espelette 2 032
54%
Saint-Pée-sur-Nivelle 7 170
53%
Berrogain-Laruns 160
50%
Jurançon 7 064
50%
Laruns 1 180
50%
Lons 13 915
50%
Mauléon-Licharre 2 954
50%
Boucau 8 809
48%
Nay 3 224
48%
Billère 13 866
47%
Gan 5 622
46%
Guéthary 1 323
45%
Ciboure 6 033
44%
Saint-Pé-de-Léren 265
44%
Ustaritz 7 476
43%
Cambo-les-Bains 6 669
41%
Hasparren 7 577
41%
Morlaàs 4 360
41%
Artix 3 440
40%
Lacq 1 035
40%
Mont 1 124
40%
Mont-Disse 79
40%
Mourenx 5 846
40%
Navarrenx 1 050
40%
Saint-Palais 2 052
40%
Laà-Mondrans 433
38%
Sare 2 720
38%
Làas 138
37%
Os-Marsillon 544
37%
Saint-Pierre-d’Irube 5 822
37%
Soumoulou 1 584
37%
Ascain 4 464
36%
Salies-de-Béarn 4 545
36%
Bizanos 4 548
35%
Idron 4 913
35%
Serres-Castet 4 376
34%
Serres-Morlaàs 842
34%
Serres-Sainte-Marie 600
34%
Monein 4 426
33%
Saint-Étienne-de-Baïgorry 1 520
32%
Arcangues 3 457
31%
Arette 1 071
31%
Arthez-d’Asson 460
31%
Arthez-de-Béarn 1 829
31%
Arudy 2 248
31%
Urt 2 339
31%
Ainhoa 667
30%
Gelos 3 609
30%
La Bastide-Clairence 978
30%
Lée 1 261
30%
Asson 1 999
29%
Eaux-Bonnes 190
29%
Artiguelouve 2 005
28%
Asasp-Arros 469
28%
Labastide-Cézéracq 576
28%
Labastide-Monréjeau 596
28%
Labastide-Villefranche 320
28%
Lasse 339
28%
Pontacq 2 904
28%
Ger 2 066
27%
Mouguerre 5 291
27%
Sauguis-Saint-Étienne 170
27%
Arricau-Bordes 106
26%
Bedous 583
26%
Biriatou 1 217
26%
Bordes 2 885
26%
Garlin 1 341
26%
Itxassou 2 164
26%
Larceveau-Arros-Cibits 445
26%
Ogeu-les-Bains 1 272
26%
Osse-en-Aspe 332
26%
Artigueloutan 1 093
25%
Coarraze 2 163
25%
Lescun 171
25%
Mazères-Lezons 1 818
25%
Ousse 1 663
25%
Poey-de-Lescar 1 821
25%
Poey-d’Oloron 164
25%
Sauveterre-de-Béarn 1 365
25%
Assat 2 042
24%
Autevielle-Saint-Martin-Bideren 207
24%
Bassussarry 3 301
24%
Bénéjacq 1 961
24%
Lasseube 1 741
24%
Lembeye 770
24%
Montardon 2 392
24%
Saint-Martin-d’Arrossa 546
24%
Aast 189
23%
Arros-de-Nay 800
23%
Bidache 1 347
23%
Buros 1 964
23%
Lourdios-Ichère 137
23%
Louvie-Juzon 1 063
23%
Louvie-Soubiron 127
23%
Puyoô 1 098
23%
Saint-Martin-d’Arberoue 343
23%
Uzein 1 289
23%
Arzacq-Arraziguet 1 048
22%
Bielle 383
22%
Castet 145
22%
Laroin 1 061
22%
Lestelle-Bétharram 803
22%
Urcuit 2 914
22%
Aramits 659
21%
Arbonne 2 344
21%
Bidarray 657
21%
Lanne-en-Barétous 487
21%
Nousty 1 592
21%
Sauvagnon 3 484
21%
Accous 457
20%
Bardos 1 861
20%
Denguin 1 771
20%
Rébénacq 647
20%
Sévignacq 787
20%
Sévignacq-Meyracq 559
20%
Sus 379
20%
Thèze 881
20%
Urdos 68
20%
Luc-Armau 107
19%
Uzos 828
19%
Villefranque 2 893
19%
Ahetze 2 049
18%
Arbus 1 245
18%
Escou 429
18%
Espoey 1 195
18%
Guiche 1 033
18%
Haut-de-Bosdarros 333
18%
Idaux-Mendy 276
18%
Pardies 912
18%
Pardies-Piétat 459
18%
Rontignon 862
18%
Saint-Vincent 391
18%
Tardets-Sorholus 573
18%
Urepel 274
18%
Aldudes 321
17%
Aressy 823
17%
Bilhères 157
17%
Bosdarros 973
17%
Briscous 2 876
17%
Buzy 997
17%
Jatxou 1 247
17%
Lagor 1 131
17%
Larressore 2 129
17%
Sendets 1 148
17%
Escot 121
16%
Irissarry 913
16%
Ledeuix 1 027
16%
Meillon 943
16%
Saint-Laurent-Bretagne 445
16%
Banca 351
15%
Bidos 1 109
15%
Boeil-Bezing 1 336
15%
Borce 121
15%
Bordères 672
15%
Bruges-Capbis-Mifaget 854
15%
Irouléguy 369
15%
Lahonce 2 681
15%
Louhossoa 856
15%
Saint-Faust 741
15%
Saint-Michel 290
15%
Sames 705
15%
Andoins 704
14%
Angaïs 905
14%
Aren 246
14%
Barcus 635
14%
Baudreix 581
14%
Cette-Eygun 59
14%
Etsaut 52
14%
Gurmençon 887
14%
Igon 973
14%
Larrau 192
14%
Lasseubetat 202
14%
Montaut 1 115
14%
Narcastet 759
14%
Saint-Jammes 625
14%
Sarrance 156
14%
Souraïde 1 506
14%
Aïcirits-Camou-Suhast 687
13%
Arnéguy 237
13%
Lacommande 178
13%
Lées-Athas 237
13%
Lucq-de-Béarn 924
13%
Mazerolles 1 172
13%
Mirepeix 1 251
13%
Ossès 857
13%
Peyrelongue-Abos 153
13%
Sault-de-Navailles 943
13%
Abos 529
12%
Aydius 104
12%
Béost 224
12%
Beuste 674
12%
Buziet 476
12%
Estérençuby 313
12%
Hélette 749
12%
Navailles-Angos 1 536
12%
Sainte-Engrâce 180
12%
Salles-Mongiscard 307
12%
Aste-Béon 228
11%
Aubertin 652
11%
Baigts-de-Béarn 870
11%
Barinque 589
11%
Biron 611
11%
Bougarber 833
11%
Came 1 013
11%
Carresse-Cassaber 660
11%
Escoubès 433
11%
Esquiule 534
11%
Gabaston 667
11%
Goès 545
11%
Gurs 417
11%
Lagos 462
11%
Macaye 598
11%
Mendionde 844
11%
Saint-Castin 856
11%
Simacourbe 419
11%
Susmiou 355
11%
Abidos 209
10%
Ayherre 1 130
10%
Beyrie-en-Béarn 193
10%
Beyrie-sur-Joyeuse 538
10%
Bonloc 367
10%
Bourdettes 509
10%
Castétis 642
10%
Eslourenties-Daban 372
10%
Halsou 621
10%
Iholdy 539
10%
Lourenties 408
10%
Lys 323
10%
Montaner 425
10%
Taron-Sadirac-Viellenave 177
10%
Agnos 1 041
9%
Anoye 128
9%
Aussevielle 813
9%
Baliros 504
9%
Bournos 336
9%
Chéraute 1 057
9%
Escout 431
9%
Gère-Bélesten 182
9%
Géronce 485
9%
Ispoure 675
9%
Jaxu 206
9%
Juxue 202
9%
Lacarry-Arhan-Charritte-de-Haut 125
9%
Lahourcade 703
9%
Mendive 153
9%
Morlanne 612
9%
Moumour 822
9%
Ouillon 549
9%
Saint-Abit 306
9%
Sainte-Colome 358
9%
Saint-Girons-en-Béarn 173
9%
Saint-Just-Ibarre 198
9%
Sallespisse 578
9%
Siros 822
9%
Tarsacq 538
9%
Ance Féas 614
8%
Anhaux 377
8%
Armendarits 386
8%
Arnos 136
8%
Arraute-Charritte 425
8%
Arrosès 137
8%
Ascarat 339
8%
Aussurucq 236
8%
Barzun 624
8%
Béhorléguy 71
8%
Bellocq 912
8%
Bonnut 827
8%
Camou-Cihigue 103
8%
Conchez-de-Béarn 110
8%
Diusse 141
8%
Géus-d’Arzacq 203
8%
Geüs-d’Oloron 263
8%
Isturits 536
8%
Izeste 438
8%
Labatmale 259
8%
Lantabat 278
8%
Lecumberry 173
8%
Licq-Athérey 197
8%
Limendous 723
8%
Maslacq 884
8%
Maspie-Lalonquère-Juillacq 241
8%
Menditte 206
8%
Momy 112
8%
Monassut-Audiracq 366
8%
Noguères 130
8%
Ordiarp 549
8%
Préchacq-Josbaig 292
8%
Préchacq-Navarrenx 180
8%
Sauvelade 268
8%
Sedze-Maubecq 235
8%
Uhart-Cize 801
8%
Uhart-Mixe 215
8%
Viodos-Abense-de-Bas 748
8%
Argagnon 700
7%
Auriac 221
7%
Bérenx 418
7%
Bunus 132
7%
Cardesse 297
7%
Caro 181
7%
Carrère 217
7%
Caubios-Loos 665
7%
Cuqueron 191
7%
Domezain-Berraute 468
7%
Doumy 324
7%
Espéchède 149
7%
Estos 492
7%
Gamarthe 128
7%
Gomer 301
7%
Hagetaubin 573
7%
Issor 239
7%
Lahontan 526
7%
Lannecaube 148
7%
Lème 168
7%
Léren 213
7%
Monpezat 83
7%
Musculdy 229
7%
Orègue 503
7%
Pagolle 256
7%
Parbayse 326
7%
Ramous 487
7%
Saint-Armou 627
7%
Saint-Esteben 432
7%
Sarpourenx 291
7%
Séméacq-Blachon 159
7%
Trois-Villes 134
7%
Ahaxe-Alciette-Bascassan 263
6%
Ainhice-Mongelos 169
6%
Alçay-Alçabéhéty-Sunharette 208
6%
Arbérats-Sillègue 322
6%
Aroue-Ithorots-Olhaïby 231
6%
Arrien 200
6%
Aubin 265
6%
Audaux 165
6%
Bergouey-Viellenave 117
6%
Bernadets 587
6%
Bésingrand 146
6%
Burosse-Mendousse 76
6%
Bussunarits-Sarrasquette 209
6%
Bustince-Iriberry 106
6%
Castillon-d’Arthez 339
6%
Castillon-de-Lembeye 74
6%
Cescau 625
6%
Charritte-de-Bas 248
6%
Coslédaà-Lube-Boast 379
6%
Gabat 278
6%
Gotein-Libarrenx 474
6%
Herrère 389
6%
Hours 230
6%
Ilharre 147
6%
Lacarre 178
6%
Larribar-Sorhapuru 183
6%
L’Hôpital-d’Orion 130
6%
L’Hôpital-Saint-Blaise 57
6%
Loubieng 496
6%
Lurbe-Saint-Christau 201
6%
Lussagnet-Lusson 182
6%
Maucor 570
6%
Momas 619
6%
Moncayolle-Larrory-Mendibieu 295
6%
Montory 309
6%
Ostabat-Asme 214
6%
Pomps 299
6%
Saint-Médard 200
6%
Suhescun 164
6%
Vielleségure 387
6%
Vignes 449
6%
Abère 162
5%
Abitain 109
5%
Aincille 114
5%
Ainharp 131
5%
Amendeuix-Oneix 459
5%
Anos 183
5%
Arbouet-Sussaute 312
5%
Astis 336
5%
Auga 179
5%
Balansun 308
5%
Bédeille 207
5%
Béguios 266
5%
Bescat 246
5%
Casteide-Cami 269
5%
Casteide-Candau 302
5%
Casteide-Doat 163
5%
Claracq 240
5%
Crouseilles 120
5%
Escos 237
5%
Estialescq 260
5%
Eysus 626
5%
Garindein 472
5%
Garris 305
5%
Hosta 99
5%
Ibarrolle 73
5%
Lanneplaà 304
5%
Lasclaveries 246
5%
Livron 370
5%
Lohitzun-Oyhercq 197
5%
Lucgarier 257
5%
Luxe-Sumberraute 414
5%
Malaussanne 432
5%
Masparraute 261
5%
Méharin 282
5%
Mesplède 331
5%
Ogenne-Camptort 244
5%
Orsanco 107
5%
Osserain-Rivareyte 221
5%
Ozenx-Montestrucq 383
5%
Piets-Plasence-Moustrou 139
5%
Rivehaute 271
5%
Saint-Gladie-Arrive-Munein 198
5%
Sedzère 377
5%
Uzan 164
5%
Verdets 298
5%
Alos-Sibas-Abense 320
4%
Amorots-Succos 230
4%
Angous 95
4%
Arancou 178
4%
Araujuzon 182
4%
Argelos 285
4%
Arget 79
4%
Arhansus 70
4%
Arrast-Larrebieu 93
4%
Athos-Aspis 211
4%
Aurions-Idernes 105
4%
Auterrive 142
4%
Aydie 138
4%
Baleix 135
4%
Bastanès 97
4%
Béhasque-Lapiste 509
4%
Boueilh-Boueilho-Lasque 387
4%
Bouillon 158
4%
Bugnein 237
4%
Castetbon 156
4%
Castetnau-Camblong 458
4%
Charre 221
4%
Espès-Undurein 495
4%
Etcharry 156
4%
Garos 264
4%
Gerderest 139
4%
Haux 84
4%
Higuères-Souye 275
4%
Labatut-Figuières 169
4%
Labets-Biscay 149
4%
Lalonquette 257
4%
Larreule 189
4%
Lombia 208
4%
Louvigny 137
4%
Méracq 233
4%
Méritein 277
4%
Orion 150
4%
Orriule 142
4%
Ponson-Debat-Pouts 98
4%
Ponson-Dessus 261
4%
Pouliacq 50
4%
Précilhon 400
4%
Saint-Boès 365
4%
Saint-Goin 230
4%
Saucède 128
4%
Séby 205
4%
Viellenave-d’Arthez 221
4%
Viellenave-de-Navarrenx 165
4%
Viven 176
4%
Andrein 140
3%
Araux 131
3%
Aubous 44
3%
Baliracq-Maumusson 119
3%
Barraute-Camu 183
3%
Bassillon-Vauzé 66
3%
Bentayou-Sérée 108
3%
Boumourt 162
3%
Burgaronne 99
3%
Cabidos 170
3%
Cadillon 111
3%
Castagnède 200
3%
Castéra-Loubix 50
3%
Castetner 135
3%
Castetpugon 210
3%
Corbère-Abères 96
3%
Coublucq 91
3%
Doazon 181
3%
Escurès 143
3%
Espiute 107
3%
Etchebar 74
3%
Fichous-Riumayou 194
3%
Garlède-Mondebat 219
3%
Gestas 76
3%
Guinarthe-Parenties 224
3%
Jasses 148
3%
Labeyrie 108
3%
Lacadée 146
3%
Laguinge-Restoue 156
3%
Lalongue 202
3%
Lamayou 208
3%
Lasserre 113
3%
Lay-Lamidou 123
3%
Lespielle 152
3%
Lespourcy 189
3%
Lichans-Sunhar 85
3%
Lichos 138
3%
Lonçon 218
3%
Lucarré 62
3%
Mascaraàs-Haron 116
3%
Mialos 139
3%
Miossens-Lanusse 279
3%
Moncaup 157
3%
Moncla 79
3%
Monségur 131
3%
Montfort 183
3%
Mouhous 64
3%
Nabas 86
3%
Narp 119
3%
Oraàs 185
3%
Orin 264
3%
Ossas-Suhare 87
3%
Ossenx 50
3%
Pontiacq-Viellepinte 181
3%
Portet 163
3%
Poursiugues-Boucoue 184
3%
Ribarrouy 81
3%
Riupeyrous 233
3%
Roquiague 121
3%
Saint-Dos 158
3%
Samsons-Lion 93
3%
Saubole 144
3%
Tabaille-Usquain 47
3%
Urost 76
3%
Vialer 160
3%
Bétracq 49
2%
Dognen 229
2%
Gayon 54
2%
Maure 88
2%
Montagut 118
2%
Tadousse-Ussau 72
2%
Aucun quiz correspondant
Distribution des résultats
% des personnes avec chaque résultat
Percentile par nombre de réponses
Votre historique - résultats
Vous n’avez pas pris ce quiz